Eastern Utah Libraries Catalog: Duchesne, Heber, Roosevelt, & Vernal

How to catch a groundhog / (Record no. 402829)

MARC details
000 -LEADER
fixed length control field 01379nam a2200373 i 4500
001 - CONTROL NUMBER
control field sky309658909
003 - CONTROL NUMBER IDENTIFIER
control field SKY
005 - DATE AND TIME OF LATEST TRANSACTION
control field 20241231141208.0
008 - FIXED-LENGTH DATA ELEMENTS--GENERAL INFORMATION
fixed length control field 240216s2024 ilua j 000 1 eng d
020 ## - INTERNATIONAL STANDARD BOOK NUMBER
International Standard Book Number 9781728293035
020 ## - INTERNATIONAL STANDARD BOOK NUMBER
International Standard Book Number 1728293030
040 ## - CATALOGING SOURCE
Original cataloging agency ICrlF
Language of cataloging eng
Transcribing agency ICrlF
Description conventions rda
Modifying agency BTCAT
-- SKYRV
050 ## - LIBRARY OF CONGRESS CALL NUMBER
Classification number PZ
082 04 - DEWEY DECIMAL CLASSIFICATION NUMBER
Classification number [E]
Edition number 23
092 ## - LOCALLY ASSIGNED DEWEY CALL NUMBER (OCLC)
Classification number children holiday
Item number Walstead
100 1# - MAIN ENTRY--PERSONAL NAME
Personal name Walstead, Alice,
Relator term author.
9 (RLIN) 6435945
245 10 - TITLE STATEMENT
Title How to catch a groundhog /
Statement of responsibility, etc Alice Walstead & Emma Gillette.
246 30 - VARYING FORM OF TITLE
Title proper/short title Groundhog.
264 #1 - Production, Publication, Distribution, Manufacture, and Copyright Notice.
Place of production, publication, distribution, manufacture Naperville, Illinois :
Name of producer, publisher, distributor, manufacturer Sourcebooks Wonderland,
Date of production, publication, distribution, manufacture, or copyr [2024]
300 ## - PHYSICAL DESCRIPTION
Extent 1 volume (unpaged) :
Other physical details color illustrations ;
Dimensions 22 cm.
336 ## - Content Type
Content type term text
337 ## - Media type
Media type term unmediated
338 ## - Carrier type
Carrier type term volume
500 ## - GENERAL NOTE
General note "Based on designs by Andy Elkerton."
500 ## - GENERAL NOTE
General note "Ages 4 and up"--Back cover.
520 ## - SUMMARY, ETC.
Summary, etc "The groundhog is a friendly guy, and he likes to be left along. But now we've gone and scared him off. [He] needs . . . help to [return] home"--Provided by publisher.
650 #0 - SUBJECT ADDED ENTRY--TOPICAL TERM
Topical term or geographic name as entry element Woodchuck
Form subdivision Juvenile fiction.
9 (RLIN) 5674202
650 #0 - SUBJECT ADDED ENTRY--TOPICAL TERM
Topical term or geographic name as entry element Woodchucks
Form subdivision Juvenile fiction.
9 (RLIN) 6536239
655 #0 - INDEX TERM--GENRE/FORM
Genre/form data or focus term Animal fiction.
9 (RLIN) 5748285
655 #0 - INDEX TERM--GENRE/FORM
Genre/form data or focus term Stories in rhyme.
700 1# - ADDED ENTRY--PERSONAL NAME
Personal name Gillette, Emma,
Relator term illustrator.
700 1# - ADDED ENTRY--PERSONAL NAME
Personal name Elkerton, Andy,
Relator term creator.
9 (RLIN) 6011482
942 ## - ADDED ENTRY ELEMENTS (KOHA)
Source of classification or shelving scheme Dewey Decimal Classification
Koha item type BOOK
Holdings
Withdrawn status Lost status Source of classification or shelving scheme Damaged status Not for loan Collection code Home library Current library Shelving location Date acquired Source of acquisition Total Checkouts Total Renewals Full call number Barcode Date last seen Date checked out Cost, replacement price Price effective from Koha item type
    Dewey Decimal Classification     Children Holiday Books Wasatch County Library Wasatch County Library Main Floor Childrens Area 12/31/2024 Micromarketing 3 1 E Ground Hog Day Walstead 34301002141564 02/10/2026 01/08/2026 12.99 12/31/2024 BOOK
This project was made possible through a grant from the Institute of Museum and Library Service administered by the Utah State Library Division.

Wasatch County Library

  • 465 East 1200 South, Heber City, Utah 84032
  • Phone 435-654-1511 | Fax 435-654-6456

Hours

  • Monday - Friday 9:30 AM - 8:00 PM
  • Saturday 9:30 AM - 1:30 PM
  • Closed Sundays and Holidays